000 00362pab a2200145 454500
008 180718b2006 xxu||||| |||| 00| 0 eng d
100 _aAdarsh Kumar
245 _aAnokhi: in the craft of block-printing
260 _c2006
300 _ap.3371-374
362 _a5 Aug
650 _aTextile industry
773 _aEconomic and Political Weekly
909 _a70750
999 _c70750
_d70750